[Event "IECC CL0-2015.00 email"]
[Site "IECC email"]
[Date "2015.12.19"]
[Round "?"]
[White "Shim Ng Min, Francis"]
[Black "Volna, Tereza"]
[Result "1-0"]
[WhiteElo "1218"]
[BlackElo "1143"]
[PlyCount "31"]
[EventDate "2015.12.02"]
[EventType "tourn (corr)"]
[EventRounds "4"]
[SourceTitle "Corr 2022"]
[Source "ChessBase"]
[SourceDate "2021.10.24"]
[SourceVersion "1"]
[SourceVersionDate "2021.10.24"]
[SourceQuality "1"]

1. e4 e5 2. Nf3 Nc6 3. Bc4 Bc5 4. c3 Nf6 5. d4 exd4 6. 0-0 d5 7. exd5 Nxd5 8. cxd4 Bb6 9. Re1+ Nce7 10. Bxd5 Qxd5 11. Nc3 Qd8 12. Qe2 Bg4 13. Bg5 f6 14. Nd5 fxg5 15. Nxe7 Kf8 16. Qe4 1-0

[Event "ZL-2015-0-01791"]
[Site "LSS email"]
[Date "2015.12.18"]
[Round "?"]
[White "Volna, Tereza"]
[Black "Shim Ng Min, Francis"]
[Result "0-1"]
[WhiteElo "1156"]
[BlackElo "1179"]
[PlyCount "54"]
[EventDate "2015.12.11"]
[EventType "match (corr)"]
[EventRounds "2"]
[EventCountry "GER"]
[SourceTitle "Corr 2022"]
[Source "ChessBase"]
[SourceDate "2021.10.24"]
[SourceVersion "1"]
[SourceVersionDate "2021.10.24"]
[SourceQuality "1"]

1. e4 c5 2. c3 Nf6 3. e5 Nd5 4. Nf3 e6 5. d4 cxd4 6. cxd4 d6 7. Nc3 Nxc3 8. bxc3 Nc6 9. Ba3 Be7 10. exd6 Bxd6 11. Bxd6 Qxd6 12. Be2 0-0 13. 0-0 b6 14. Re1 Bb7 15. Bd3 h6 16. Rb1 Rac8 17. Rb5 Ba6 18. Rb2 Bxd3 19. Qxd3 Na5 20. Ne5 Rc7 21. Re3 Rfc8 22. Rc2 Qa3 23. Rg3 Qf8 24. Qe3 Kh7 25. Qe4+ Kh8 26. Rf3 Qe8 27. Qg4 Nc6 0-1

[Event "IECC CL0-2015.00 email"]
[Site "IECC email"]
[Date "2015.12.14"]
[Round "?"]
[White "Shim Ng Min, Francis"]
[Black "Volna, Tereza"]
[Result "1-0"]
[WhiteElo "1267"]
[BlackElo "1175"]
[PlyCount "53"]
[EventDate "2015.11.21"]
[EventType "tourn (corr)"]
[EventRounds "4"]
[SourceTitle "Corr 2022"]
[Source "ChessBase"]
[SourceDate "2021.10.24"]
[SourceVersion "1"]
[SourceVersionDate "2021.10.24"]
[SourceQuality "1"]

1. e4 e5 2. Nf3 Nc6 3. d4 exd4 4. Bc4 Bc5 5. c3 Nf6 6. 0-0 d5 7. exd5 Nxd5 8. cxd4 Bb6 9. Bxd5 Qxd5 10. Nc3 Qh5 11. Re1+ Kf8 12. Qe2 Bg4 13. d5 Bxf3 14. gxf3 Bxf2+ 15. Qxf2 Ne5 16. Rf1 Rd8 17. Be3 a6 18. Rad1 b6 19. d6 cxd6 20. Bxb6 Rd7 21. Qg3 f5 22. Rxd6 f4 23. Qxf4+ Rf7 24. Rd8+ Ke7 25. Qb4+ Ke6 26. Rd6+ Kf5 27. Qe4+ 1-0

[Event "IECC CL0-2015.00 email"]
[Site "IECC email"]
[Date "2015.12.14"]
[Round "?"]
[White "Volna, Tereza"]
[Black "Trevis, Robert R"]
[Result "0-1"]
[WhiteElo "1175"]
[BlackElo "1168"]
[PlyCount "20"]
[EventDate "2015.11.21"]
[EventType "tourn (corr)"]
[EventRounds "4"]
[SourceTitle "Corr 2022"]
[Source "ChessBase"]
[SourceDate "2021.10.24"]
[SourceVersion "1"]
[SourceVersionDate "2021.10.24"]
[SourceQuality "1"]

1. e4 e5 2. Nf3 Nc6 3. Bb5 a6 4. Ba4 Nf6 5. 0-0 Be7 6. Re1 b5 7. Bb3 d6 8. c3 0-0 9. h3 Be6 10. Bc2 d5 0-1

[Event "IECC CL0-2015.00 email"]
[Site "IECC email"]
[Date "2015.12.08"]
[Round "?"]
[White "Volna, Tereza"]
[Black "Raines, David T"]
[Result "1-0"]
[WhiteElo "1150"]
[BlackElo "1220"]
[PlyCount "51"]
[EventDate "2015.11.14"]
[EventType "tourn (corr)"]
[EventRounds "4"]
[SourceTitle "Corr 2022"]
[Source "ChessBase"]
[SourceDate "2021.10.24"]
[SourceVersion "1"]
[SourceVersionDate "2021.10.24"]
[SourceQuality "1"]

1. e4 c5 2. c3 d5 3. exd5 Qxd5 4. d4 Nc6 5. Nf3 Bg4 6. Be2 Nf6 7. h3 Bh5 8. Be3 cxd4 9. cxd4 e6 10. Nc3 Qa5 11. 0-0 Bb4 12. Rc1 0-0 13. a3 Be7 14. Nb5 Rac8 15. b4 Qd8 16. Qb3 a6 17. Nc3 Bg6 18. Rfd1 Ne4 19. Na4 b5 20. Nc5 Qb6 21. Nd7 Qb7 22. Nxf8 Bxf8 23. Nh4 Nd6 24. Nxg6 hxg6 25. d5 exd5 26. Qxd5 1-0

[Event "IECC CL0-2015.00 email"]
[Site "IECC email"]
[Date "2015.12.03"]
[Round "?"]
[White "Volna, Tereza"]
[Black "Courteille, Thierry"]
[Result "1-0"]
[WhiteElo "1142"]
[BlackElo "1200"]
[PlyCount "45"]
[EventDate "2015.11.03"]
[EventType "tourn (corr)"]
[EventRounds "4"]
[SourceTitle "Corr 2022"]
[Source "ChessBase"]
[SourceDate "2021.10.24"]
[SourceVersion "1"]
[SourceVersionDate "2021.10.24"]
[SourceQuality "1"]

1. e4 c5 2. c3 Nc6 3. d4 cxd4 4. cxd4 d5 5. exd5 Qxd5 6. Nf3 Bg4 7. Be2 e6 8. Nc3 Qd7 9. h3 Bxf3 10. Bxf3 Nxd4 11. Bxb7 Qxb7 12. Qxd4 Qxg2 13. Qa4+ Ke7 14. Rf1 f5 15. Be3 Nf6 16. 0-0-0 Kf7 17. Rg1 Qb7 18. Bg5 Rb8 19. b3 Bb4 20. Bxf6 Kxf6 21. Rd7 Qf3 22. Nd5+ exd5 23. Qc6+ 1-0

[Event "RN-2015-0-01052"]
[Site "LSS email"]
[Date "2015.11.27"]
[Round "?"]
[White "Volna, Tereza"]
[Black "Ualpaev, Sergej"]
[Result "1-0"]
[WhiteElo "1164"]
[BlackElo "671"]
[PlyCount "119"]
[EventDate "2015.11.15"]
[EventType "tourn (corr)"]
[EventRounds "6"]
[EventCountry "GER"]
[SourceTitle "Corr 2022"]
[Source "ChessBase"]
[SourceDate "2021.10.24"]
[SourceVersion "1"]
[SourceVersionDate "2021.10.24"]
[SourceQuality "1"]

1. e4 e6 2. d4 c5 3. c3 cxd4 4. cxd4 Nf6 5. Nc3 Bb4 6. Bd3 Nc6 7. Nf3 d5 8. e5 Bxc3+ 9. bxc3 Ng4 10. h3 Qa5 11. Bd2 Nxf2 12. Kxf2 Qb6 13. Rb1 Qa5 14. a4 Bd7 15. Rxb7 Nd8 16. Rb1 Bxa4 17. Ra1 Bxd1 18. Rxa5 Bxf3 19. gxf3 0-0 20. Rg1 g6 21. Bg5 Nc6 22. Raa1 Rfb8 23. Ra6 Rb2+ 24. Ke3 Rc8 25. Rb1 Rxb1 26. Bxb1 Rc7 27. Bf6 Nb8 28. Ra3 Nd7 29. Bd8 Rb7 30. Bc2 Nb6 31. Bxb6 axb6 32. Rb3 h5 33. f4 Kg7 34. h4 f5 35. exf6+ Kxf6 36. Rb1 b5 37. Bd3 Rb6 38. Rxb5 Rc6 39. Rc5 Rb6 40. c4 dxc4 41. Bxc4 Rb1 42. Rc6 Re1+ 43. Kf2 Re4 44. Rxe6+ Rxe6 45. Bxe6 Kxe6 46. Ke3 Kd5 47. Kd3 Ke6 48. Ke4 Kd6 49. d5 Ke7 50. Ke5 Kf7 51. d6 Ke8 52. Ke6 Kd8 53. d7 Kc7 54. Ke7 g5 55. d8Q+ Kc6 56. fxg5 Kc5 57. g6 Kc6 58. g7 Kc5 59. g8Q Kc6 60. Qgd5# 1-0

[Event "RF-2015-0-00271"]
[Site "LSS email"]
[Date "2015.11.26"]
[Round "?"]
[White "Volna, Tereza"]
[Black "Bester, Kazimierz"]
[Result "1-0"]
[WhiteElo "1144"]
[BlackElo "742"]
[PlyCount "54"]
[EventDate "2015.11.04"]
[EventType "tourn (corr)"]
[EventRounds "6"]
[EventCountry "GER"]
[SourceTitle "Corr 2022"]
[Source "ChessBase"]
[SourceDate "2021.10.24"]
[SourceVersion "1"]
[SourceVersionDate "2021.10.24"]
[SourceQuality "1"]

1. e4 d5 2. exd5 Qxd5 3. Nc3 Qa5 4. d4 Nf6 5. Bd2 Nc6 6. Nf3 Bg4 7. Be2 0-0-0 8. 0-0 Qh5 9. Be3 e5 10. d5 Nb4 11. h3 Bxf3 12. Bxf3 Qg6 13. Rc1 e4 14. Be2 Nfxd5 15. Nxd5 Nxd5 16. Qd4 c5 17. Qc4 Nxe3 18. fxe3 f5 19. Rxf5 Kb8 20. Qxe4 Bd6 21. Bf3 Rd7 22. Rd1 Qg3 23. Rfd5 Qh2+ 24. Kf1 Rhd8 25. Rxd6 Qh1+ 26. Kf2 Qxd1 27. Rxd1 Kc8 1-0

[Event "RF-2015-0-00271"]
[Site "LSS email"]
[Date "2015.11.26"]
[Round "?"]
[White "Volna, Tereza"]
[Black "Shim Ng Min, Francis"]
[Result "0-1"]
[WhiteElo "1144"]
[BlackElo "1225"]
[PlyCount "86"]
[EventDate "2015.11.04"]
[EventType "tourn (corr)"]
[EventRounds "6"]
[EventCountry "GER"]
[SourceTitle "Corr 2022"]
[Source "ChessBase"]
[SourceDate "2021.10.24"]
[SourceVersion "1"]
[SourceVersionDate "2021.10.24"]
[SourceQuality "1"]

1. e4 c5 2. Nf3 d6 3. c3 e5 4. d4 cxd4 5. cxd4 exd4 6. Nxd4 Nf6 7. Nc3 Be7 8. Bc4 0-0 9. 0-0 Bd7 10. Bf4 Nc6 11. Re1 a6 12. a4 Rc8 13. Ba2 Qb6 14. Nxc6 Bxc6 15. Rb1 Rfd8 16. Nd5 Bxd5 17. exd5 Re8 18. Re3 Bf8 19. b4 g6 20. Reb3 Ne4 21. Be3 Qd8 22. b5 Nc3 23. Rxc3 Rxc3 24. Qd2 Qc7 25. Bb3 Bg7 26. Bd1 Rc8 27. h4 Qc4 28. Bh6 Qd3 29. Qxd3 Rxd3 30. Bxg7 Kxg7 31. bxa6 bxa6 32. Be2 Rxd5 33. Bxa6 Rc2 34. Bb5 Rdd2 35. Rf1 Ra2 36. g3 d5 37. Kg2 d4 38. Kf3 f5 39. Bc6 Ra3+ 40. Kf4 Rc2 41. Bb5 d3 42. Rd1 d2 43. Kg5 Rf3 0-1

[Event "IECC CL0-2015.00 email"]
[Site "IECC email"]
[Date "2015.11.25"]
[Round "?"]
[White "Barros Uriburu, Nicolas"]
[Black "Volna, Tereza"]
[Result "1/2-1/2"]
[WhiteElo "1124"]
[BlackElo "1142"]
[PlyCount "61"]
[EventDate "2015.11.01"]
[EventType "tourn (corr)"]
[EventRounds "4"]
[SourceTitle "Corr 2022"]
[Source "ChessBase"]
[SourceDate "2021.10.24"]
[SourceVersion "1"]
[SourceVersionDate "2021.10.24"]
[SourceQuality "1"]

1. e4 e6 2. d4 d5 3. e5 c5 4. c3 b6 5. f4 Ne7 6. Bd3 Nec6 7. Nf3 Ba6 8. Bc2 Be7 9. h4 Nd7 10. f5 cxd4 11. cxd4 Rc8 12. Nc3 Nb4 13. Bb1 Qc7 14. fxe6 fxe6 15. Ng5 Bxg5 16. hxg5 Rf8 17. Bxh7 Qc4 18. Bg6+ Kd8 19. Be3 Rf1+ 20. Rxf1 Qxf1+ 21. Kd2 Qxg2+ 22. Kc1 Rxc3+ 23. bxc3 Nxa2+ 24. Rxa2 Qxa2 25. Qf3 Qa1+ 26. Kd2 Qb2+ 27. Bc2 Qb5 28. g6 Qf1 29. Qg4 Bc4 30. Bg5+ Kc8 31. Be3 1/2-1/2

[Event "IECC CL0-2015.00 email"]
[Site "IECC email"]
[Date "2015.11.25"]
[Round "?"]
[White "Volna, Tereza"]
[Black "Raines, David T"]
[Result "1/2-1/2"]
[WhiteElo "1142"]
[BlackElo "1207"]
[PlyCount "23"]
[EventDate "2015.11.01"]
[EventType "tourn (corr)"]
[EventRounds "4"]
[SourceTitle "Corr 2022"]
[Source "ChessBase"]
[SourceDate "2021.10.24"]
[SourceVersion "1"]
[SourceVersionDate "2021.10.24"]
[SourceQuality "1"]

1. e4 c5 2. c3 d5 3. exd5 Qxd5 4. d4 Nc6 5. Nf3 Bg4 6. Be2 Nf6 7. Be3 e6 8. 0-0 Be7 9. h3 Bh5 10. dxc5 Qxd1 11. Bxd1 Ne4 12. Nbd2 1/2-1/2

[Event "LSS No Engine Cup 143 Preliminary 0"]
[Site "LSS email"]
[Date "2015.11.23"]
[Round "?"]
[White "Volna, Tereza"]
[Black "Verich, Oleg"]
[Result "0-1"]
[WhiteElo "1303"]
[BlackElo "1461"]
[PlyCount "70"]
[EventDate "2015.11.24"]
[EventType "tourn (corr)"]
[EventRounds "6"]
[EventCountry "GER"]
[SourceTitle "Corr 2022"]
[Source "ChessBase"]
[SourceDate "2021.10.24"]
[SourceVersion "1"]
[SourceVersionDate "2021.10.24"]
[SourceQuality "1"]

1. e4 e5 2. Nf3 Nc6 3. Bc4 Bc5 4. Nc3 Nf6 5. d3 0-0 6. Bg5 h6 7. h4 Be7 8. Bxf6 Bxf6 9. Nd5 Na5 10. Bb3 Nxb3 11. axb3 c6 12. Nxf6+ Qxf6 13. 0-0 d6 14. g3 Bg4 15. Kg2 d5 16. exd5 cxd5 17. Re1 Rfe8 18. Ra4 h5 19. Re3 b5 20. Rxg4 hxg4 21. Nh2 e4 22. Qxg4 exd3 23. Rxd3 Qxb2 24. Rxd5 Qxc2 25. Rxb5 a6 26. Rg5 g6 27. h5 Re6 28. Rxg6+ Rxg6 29. hxg6 Qxg6 30. Qc4 Re8 31. Ng4 Kg7 32. Qd4+ f6 33. Qd7+ Qf7 34. Qd3 Qe6 35. Ne3 Qe4+ 0-1

[Event "LSS No Engine Cup 142 Preliminary 0"]
[Site "LSS email"]
[Date "2015.11.10"]
[Round "?"]
[White "Sabbatini, Giuseppe"]
[Black "Volna, Tereza"]
[Result "1-0"]
[WhiteElo "2060"]
[BlackElo "1297"]
[PlyCount "28"]
[EventDate "2015.11.11"]
[EventType "tourn (corr)"]
[EventRounds "6"]
[EventCountry "GER"]
[SourceTitle "Corr 2022"]
[Source "ChessBase"]
[SourceDate "2021.10.24"]
[SourceVersion "1"]
[SourceVersionDate "2021.10.24"]
[SourceQuality "1"]

1. d4 e6 2. e4 d5 3. exd5 exd5 4. Nf3 Nf6 5. Bd3 Bg4 6. 0-0 Be7 7. h3 Bh5 8. c3 c6 9. Qb3 Bxf3 10. Qxb7 Nbd7 11. gxf3 0-0 12. Qxc6 Re8 13. Bf4 Nb6 14. Qc7 Qxc7 1-0

[Event "LSS No Engine Cup 142 Preliminary 0"]
[Site "LSS email"]
[Date "2015.11.10"]
[Round "?"]
[White "Volna, Tereza"]
[Black "Ruzicka, Richard"]
[Result "0-1"]
[WhiteElo "1297"]
[BlackElo "1576"]
[PlyCount "54"]
[EventDate "2015.11.11"]
[EventType "tourn (corr)"]
[EventRounds "6"]
[EventCountry "GER"]
[SourceTitle "Corr 2022"]
[Source "ChessBase"]
[SourceDate "2021.10.24"]
[SourceVersion "1"]
[SourceVersionDate "2021.10.24"]
[SourceQuality "1"]

1. e4 c5 2. c3 d5 3. exd5 Qxd5 4. d4 Nf6 5. Nf3 Bg4 6. Be2 e6 7. h3 Bh5 8. 0-0 Nc6 9. Be3 cxd4 10. cxd4 Be7 11. Nc3 Qd6 12. a3 0-0 13. b4 Rac8 14. Rc1 Rfd8 15. Qb3 h6 16. Rfd1 Bf8 17. Rd2 Nd5 18. Ne4 Qe7 19. Rdc2 Bg6 20. Qd3 Nf6 21. Nxf6+ Qxf6 22. Qb3 Bxc2 23. Rxc2 Ne7 24. d5 Rxc2 25. Qxc2 Nxd5 26. Bd4 Qe7 27. Bxa7 b6 0-1

[Event "IECC CL0-2015.00 email"]
[Site "IECC email"]
[Date "2015.11.03"]
[Round "?"]
[White "Sanchez Blanque, Antonio"]
[Black "Volna, Tereza"]
[Result "1-0"]
[WhiteElo "1196"]
[BlackElo "1111"]
[PlyCount "57"]
[EventDate "2015.10.20"]
[EventType "tourn (corr)"]
[EventRounds "4"]
[SourceTitle "Corr 2022"]
[Source "ChessBase"]
[SourceDate "2021.10.24"]
[SourceVersion "1"]
[SourceVersionDate "2021.10.24"]
[SourceQuality "1"]

1. e4 e6 2. d4 d5 3. e5 b6 4. Nf3 Ba6 5. Bxa6 Nxa6 6. 0-0 c5 7. c3 Qd7 8. Be3 cxd4 9. Nxd4 Ne7 10. Qd3 Nc5 11. Qb5 Ng6 12. Qxd7+ Nxd7 13. Nb5 Kd8 14. f4 a6 15. Nd6 Bxd6 16. exd6 Rc8 17. Nd2 Rc6 18. f5 exf5 19. Rxf5 Nf6 20. Bg5 Rxd6 21. Re1 Re8 22. Bxf6+ gxf6 23. Rxe8+ Kxe8 24. Nf3 Kd7 25. Nd4 Ke7 26. Rh5 Kd7 27. Rxh7 Ne5 28. Kf1 b5 29. h4 1-0

[Event "SN-2015-0-00712"]
[Site "LSS email"]
[Date "2015.11.01"]
[Round "?"]
[White "Devies, Stefaan"]
[Black "Volna, Tereza"]
[Result "1/2-1/2"]
[WhiteElo "1031"]
[BlackElo "1111"]
[PlyCount "50"]
[EventDate "2015.10.18"]
[EventType "tourn (corr)"]
[EventRounds "6"]
[EventCountry "GER"]
[SourceTitle "Corr 2022"]
[Source "ChessBase"]
[SourceDate "2021.10.24"]
[SourceVersion "1"]
[SourceVersionDate "2021.10.24"]
[SourceQuality "1"]

1. Nf3 f5 2. d4 Nf6 3. c4 d5 4. e3 e6 5. Be2 c6 6. 0-0 Bd6 7. Nbd2 0-0 8. c5 Bc7 9. Kh1 Nbd7 10. Ng1 Ne4 11. Nh3 Qh4 12. Qe1 Qh6 13. f3 Ng5 14. f4 Nxh3 15. gxh3 Qxh3 16. Rf3 Qh5 17. Rg3 Qf7 18. Nf3 Nf6 19. Bd2 Ne4 20. Rh3 Bd8 21. Ne5 Qe8 22. Bf3 Bf6 23. Bxe4 dxe4 24. Qf2 Qe7 25. Rg1 Bd7 1/2-1/2

[Event "IECC CL0-2015.00 email"]
[Site "IECC email"]
[Date "2015.10.31"]
[Round "?"]
[White "Lauer, Frederic"]
[Black "Volna, Tereza"]
[Result "1/2-1/2"]
[WhiteElo "1217"]
[BlackElo "1122"]
[PlyCount "56"]
[EventDate "2015.10.13"]
[EventType "tourn (corr)"]
[EventRounds "4"]
[SourceTitle "Corr 2022"]
[Source "ChessBase"]
[SourceDate "2021.10.24"]
[SourceVersion "1"]
[SourceVersionDate "2021.10.24"]
[SourceQuality "1"]

1. e4 e5 2. f4 exf4 3. Bc4 Qh4+ 4. Kf1 d5 5. Bxd5 Bd6 6. Nf3 Qh5 7. Nc3 Ne7 8. d4 f6 9. e5 Nxd5 10. Nxd5 c6 11. exd6 cxd5 12. Bxf4 0-0 13. Qd3 Bg4 14. Re1 Nc6 15. Kf2 Rfe8 16. Rxe8+ Rxe8 17. Re1 Rxe1 18. Kxe1 Kf7 19. Kf2 Ke6 20. Qe3+ Kd7 21. b4 a6 22. a4 b5 23. axb5 axb5 24. Qd3 Qf5 25. Qxb5 Qxc2+ 26. Kg3 Bxf3 27. Qb7+ Ke6 28. gxf3 Qg6+ 1/2-1/2

[Event "SN-2015-0-00712"]
[Site "LSS email"]
[Date "2015.10.31"]
[Round "?"]
[White "Volna, Tereza"]
[Black "Neumann, Frank"]
[Result "1-0"]
[WhiteElo "1111"]
[BlackElo "520"]
[PlyCount "47"]
[EventDate "2015.10.18"]
[EventType "tourn (corr)"]
[EventRounds "6"]
[EventCountry "GER"]
[SourceTitle "Corr 2022"]
[Source "ChessBase"]
[SourceDate "2021.10.24"]
[SourceVersion "1"]
[SourceVersionDate "2021.10.24"]
[SourceQuality "1"]

1. e4 e5 2. Nf3 Nc6 3. Bc4 Nf6 4. Ng5 d5 5. exd5 Na5 6. Bb5+ c6 7. dxc6 Nxc6 8. 0-0 Bd7 9. Re1 Ng4 10. Bxc6 bxc6 11. d4 Be7 12. Nf3 0-0 13. h3 Nf6 14. dxe5 Ne8 15. Nc3 Be6 16. Nd4 c5 17. Nxe6 fxe6 18. Qg4 Qd4 19. Qxe6+ Kh8 20. Be3 Qb4 21. Qxe7 Kg8 22. Bxc5 Qf4 23. Nd5 Qc4 24. Qxf8# 1-0

[Event "LSS No Engine Cup 141 Preliminary 0"]
[Site "LSS email"]
[Date "2015.10.30"]
[Round "?"]
[White "Volna, Tereza"]
[Black "Herzog, Klaus"]
[Result "0-1"]
[WhiteElo "1288"]
[BlackElo "2114"]
[PlyCount "40"]
[EventDate "2015.10.31"]
[EventType "tourn (corr)"]
[EventRounds "6"]
[EventCountry "GER"]
[SourceTitle "Corr 2022"]
[Source "ChessBase"]
[SourceDate "2021.10.24"]
[SourceVersion "1"]
[SourceVersionDate "2021.10.24"]
[SourceQuality "1"]

1. e4 e5 2. Nf3 Nc6 3. Bc4 Bc5 4. Nc3 Nf6 5. d3 h6 6. 0-0 d6 7. h3 Be6 8. Bxe6 fxe6 9. a3 0-0 10. b4 Bb6 11. Bb2 Nd4 12. Na4 Nxf3+ 13. Qxf3 Qd7 14. Nxb6 axb6 15. Qe3 Nh5 16. g3 Rf6 17. Kg2 Qf7 18. Rg1 Rf8 19. Raf1 Nxg3 20. Kxg3 Rf3+ 0-1

[Event "IECC CL0-2015.00 email"]
[Site "IECC email"]
[Date "2015.10.29"]
[Round "?"]
[White "Volna, Tereza"]
[Black "Lenz, Juergen"]
[Result "1-0"]
[WhiteElo "1134"]
[BlackElo "1110"]
[PlyCount "71"]
[EventDate "2015.09.27"]
[EventType "tourn (corr)"]
[EventRounds "4"]
[SourceTitle "Corr 2022"]
[Source "ChessBase"]
[SourceDate "2021.10.24"]
[SourceVersion "1"]
[SourceVersionDate "2021.10.24"]
[SourceQuality "1"]

1. e4 Nf6 2. e5 Nd5 3. c4 Nb6 4. d4 d6 5. f4 g6 6. Nf3 Bg7 7. Nc3 0-0 8. Be2 dxe5 9. Nxe5 N8d7 10. Be3 c5 11. dxc5 Nxe5 12. cxb6 Nc6 13. bxa7 Qa5 14. 0-0 Nxa7 15. Nd5 e6 16. Bb6 Qa6 17. c5 Nb5 18. Nc7 Qa4 19. Qxa4 Rxa4 20. Bxb5 Rb4 21. Rab1 Bxb2 22. a4 Bd4+ 23. Kh1 Rxb1 24. Rxb1 Be3 25. g3 g5 26. fxg5 Bxg5 27. c6 bxc6 28. Bxc6 Bd8 29. a5 Bxc7 30. Bxc7 Ba6 31. Rb6 Be2 32. a6 Bxa6 33. Rxa6 Kg7 34. Be5+ Kg6 35. Be4+ Kg5 36. Bxh7 1-0

[Event "IECC CL0-2015.00 email"]
[Site "IECC email"]
[Date "2015.10.29"]
[Round "?"]
[White "Volna, Tereza"]
[Black "Lenz, Juergen"]
[Result "1-0"]
[WhiteElo "1122"]
[BlackElo "1131"]
[PlyCount "71"]
[EventDate "2015.10.13"]
[EventType "tourn (corr)"]
[EventRounds "4"]
[SourceTitle "Corr 2022"]
[Source "ChessBase"]
[SourceDate "2021.10.24"]
[SourceVersion "1"]
[SourceVersionDate "2021.10.24"]
[SourceQuality "1"]

1. e4 Nf6 2. Nc3 d5 3. exd5 Nxd5 4. Bc4 Nb6 5. Bb3 Nc6 6. Nf3 Bf5 7. d3 e6 8. 0-0 Be7 9. Re1 0-0 10. Ne4 Bg4 11. h3 Bh5 12. Ng3 Bg6 13. Bd2 Bf6 14. Bc3 Bxc3 15. bxc3 a5 16. a4 Nd5 17. Qd2 Qf6 18. d4 Nce7 19. Ne5 Rad8 20. Ne4 Bxe4 21. Rxe4 Ng6 22. Rae1 Nxe5 23. Rxe5 Nf4 24. Rxa5 b6 25. Rae5 c5 26. g3 Ng6 27. Rxe6 fxe6 28. Rxe6 Kh8 29. Rxf6 Rxf6 30. Qe3 cxd4 31. cxd4 h6 32. c3 Rc8 33. Kg2 Rfc6 34. c4 Rd6 35. d5 Rf8 36. Bc2 1-0

[Event "OP-2015-0-03854"]
[Site "LSS email"]
[Date "2015.10.29"]
[Round "?"]
[White "Zmolil, Karel"]
[Black "Volna, Tereza"]
[Result "1-0"]
[WhiteElo "1215"]
[BlackElo "1111"]
[PlyCount "69"]
[EventDate "2015.10.25"]
[EventType "tourn (corr)"]
[EventRounds "4"]
[EventCountry "GER"]
[SourceTitle "Corr 2022"]
[Source "ChessBase"]
[SourceDate "2021.10.24"]
[SourceVersion "1"]
[SourceVersionDate "2021.10.24"]
[SourceQuality "1"]

1. e4 e6 2. Nf3 c5 3. d4 cxd4 4. Nxd4 Nc6 5. Bf4 Qf6 6. Be3 Nge7 7. c3 d5 8. Nxc6 Nxc6 9. exd5 exd5 10. Qxd5 Be7 11. Be2 0-0 12. Nd2 Be6 13. Qf3 Qg6 14. Bd1 Ne5 15. Qg3 Nd3+ 16. Ke2 Nxb2 17. Qxg6 fxg6 18. Bb3 Bxb3 19. axb3 Rfd8 20. Rxa7 Rxa7 21. Bxa7 Nd3 22. Be3 b5 23. g3 Nc5 24. Ra1 Rb8 25. Ra5 Ne6 26. Ra6 Kf7 27. Rb6 Rc8 28. Ne4 b4 29. cxb4 Rc2+ 30. Kd3 Rb2 31. Kc3 Rb1 32. Nd6+ Kf6 33. Nc8 Bd8 34. Rc6 Kf5 35. b5 1-0

[Event "RF-2015-0-00265"]
[Site "LSS email"]
[Date "2015.10.27"]
[Round "?"]
[White "Shim Ng Min, Francis"]
[Black "Volna, Tereza"]
[Result "1/2-1/2"]
[WhiteElo "1254"]
[BlackElo "1131"]
[PlyCount "40"]
[EventDate "2015.10.02"]
[EventType "tourn (corr)"]
[EventRounds "6"]
[EventCountry "GER"]
[SourceTitle "Corr 2022"]
[Source "ChessBase"]
[SourceDate "2021.10.24"]
[SourceVersion "1"]
[SourceVersionDate "2021.10.24"]
[SourceQuality "1"]

1. e4 e5 2. Nf3 Nc6 3. Bc4 Bc5 4. c3 Nf6 5. d4 exd4 6. cxd4 Bb4+ 7. Bd2 Bxd2+ 8. Nbxd2 Nxe4 9. d5 Nxd2 10. Qxd2 Ne7 11. d6 cxd6 12. Qxd6 b5 13. Bd3 0-0 14. 0-0 a6 15. Rfe1 Re8 16. Rad1 Bb7 17. Ne5 Ng6 18. Bxg6 hxg6 19. Qxd7 Qxd7 20. Nxd7 Rxe1+ 1/2-1/2

[Event "RF-2015-0-00265"]
[Site "LSS email"]
[Date "2015.10.27"]
[Round "?"]
[White "Volna, Tereza"]
[Black "Trevis, Robert R"]
[Result "1-0"]
[WhiteElo "1131"]
[BlackElo "1075"]
[PlyCount "95"]
[EventDate "2015.10.02"]
[EventType "tourn (corr)"]
[EventRounds "6"]
[EventCountry "GER"]
[SourceTitle "Corr 2022"]
[Source "ChessBase"]
[SourceDate "2021.10.24"]
[SourceVersion "1"]
[SourceVersionDate "2021.10.24"]
[SourceQuality "1"]

1. e4 e5 2. Nf3 Nc6 3. Bc4 Bc5 4. Nc3 Nf6 5. d3 d5 6. Nxd5 Nxd5 7. Bxd5 Ne7 8. Bb3 Bb4+ 9. c3 Bd6 10. 0-0 0-0 11. h3 c5 12. Re1 Bd7 13. d4 cxd4 14. cxd4 exd4 15. Nxd4 Qc7 16. Be3 Rfe8 17. Rc1 Nc6 18. f3 Bg3 19. Re2 Rad8 20. Qc2 a6 21. Qc4 Be6 22. Nxe6 Rxe6 23. Rec2 Bf4 24. Qc5 Ree8 25. Bxf4 Qxf4 26. Bd5 Qc7 27. Bxc6 bxc6 28. Qxc6 Qa5 29. a3 Re7 30. Qc5 Qxc5+ 31. Rxc5 Red7 32. Rc6 a5 33. Ra6 Rd2 34. Rb1 Rb8 35. Rxa5 Rbd8 36. b4 Rd1+ 37. Rxd1 Rxd1+ 38. Kf2 Kf8 39. Rd5 Rb1 40. b5 Ra1 41. Rd3 Rb1 42. a4 Rb2+ 43. Kg3 Ke7 44. f4 Rb4 45. Ra3 Rxe4 46. a5 Rb4 47. a6 Rxb5 48. a7 1-0

[Event "IECC CL0-2015.00 email"]
[Site "IECC email"]
[Date "2015.10.21"]
[Round "?"]
[White "Czaban, Tomasz"]
[Black "Volna, Tereza"]
[Result "1/2-1/2"]
[WhiteElo "1475"]
[BlackElo "1164"]
[PlyCount "28"]
[EventDate "2015.09.07"]
[EventType "tourn (corr)"]
[EventRounds "4"]
[SourceTitle "Corr 2022"]
[Source "ChessBase"]
[SourceDate "2021.10.24"]
[SourceVersion "1"]
[SourceVersionDate "2021.10.24"]
[SourceQuality "1"]

1. d4 e6 2. e4 d5 3. exd5 exd5 4. Nf3 Bg4 5. Be2 Nc6 6. h3 Bxf3 7. Bxf3 Nf6 8. 0-0 Be7 9. Re1 0-0 10. Bg5 Qd6 11. a3 h6 12. Bxf6 Bxf6 13. c3 Rfe8 14. Nd2 Ne7 1/2-1/2